Somos una gran familia 2 / (Registro nro. 10199)

Detalles MARC
000 -LIDER
fixed length control field 00708nam a22002417a 4500
001 - NÚMERO DE CONTROL
Identificador de número de control 0002145
003 - IDENTIFICACDOR DE NÚMERO DE CONTROL
control field DO-SdBNP
005 - DATE AND TIME OF LATEST TRANSACTION
control field 20180307131047.0
007 - CAMPOS FIJOS DE DESCRIPCIÓN FÍSICA
fixed length control field 0002145
008 - ELEMENTOS DE LONGITUD FIJA
fixed length control field 160523b 1978 cl |||| 00| 0 spa d
040 ## - FUENTE DE CATALOGACIÓN
Agencia que crea de manera original el registro BPMSU
Idioma de catalogación spa
Agencia que realiza la transcripción BPMSU
100 ## - ASIENTO PRINCIPAL -- NOMBRE PERSONAL
Nombre personal Vallejo Bolaños, Luis.
245 ## - MENCIÓN DE TITULO
Título Somos una gran familia 2 /
Mención de responsabilidad Luis Vallejo Bolaño ; Gloria Cuellar de López.
250 ## - MENCIÓN DE EDICION
Mención de edición 3a. ed.
260 ## - PUBLICACIÓN, DISTRIBUCIÓN, ETC. (PIE DE IMPRENTA)
Lugar de publicación, distribución, etc Bogotá :
Nombre del editor, distribuidor, etc. Centro Nacional de Catequesis,
Fecha de publicación, distribución, etc 1978
300 ## - DESCRIPCIÓN FÍSICA
Extensión Varias páginaciones
Otros detalles físicos il. :
Dimensiones 23 cm.
490 ## - MENCIÓN DE SERIES
Mención de serie Semilla
700 ## - ASIENTO SECUNDARIO -- NOMBRE PERSONAL
Nombre personal Cuellar de López, Gloria
830 ## - ASIENTO SECUNDARIO DE SERIE--TÍTULO UNIFORME
Título uniforme Semilla
942 ## - ADDED ENTRY ELEMENTS (KOHA)
Source of classification or shelving scheme Dewey Decimal Classification
Koha item type Libros
945 ## - INFORMACIÓN DE PROCESAMIENTO LOCAL
Información de procesamiento local inventariado, 2018 / dg
956 ## - LOCAL ELECTRONIC LOCATION AND ACCESS (OCLC)
Nombre de host BPMSU
Número de acceso 10
Información de compresión 20160523
Trayectoria BPMSU
Nombre Electrónico 0069
Existencias
Withdrawn status Lost status Source of classification or shelving scheme Damaged status Not for loan Home library Current library Date acquired Source of acquisition Total Checkouts Barcode Date last seen Price effective from Koha item type
    Dewey Decimal Classification     Biblioteca Pública Metropolitana Salomé Ureña Biblioteca Pública Metropolitana Salomé Ureña 05/23/2016 FUNDI   BPMSU16050425 05/23/2016 05/23/2016 Libros